ارشاد الفحول الى تحقيق الحق من علم الاصول # Irshād al-fuḥūl ilá taḥqīq al-ḥaqq min ʻilm al-uṣūl / (Record no. 79943)
[ view plain ]
| 000 -LEADER | |
|---|---|
| fixed length control field | 00932nam a2200217 4500 |
| 001 - CONTROL NUMBER | |
| control field | 79943 |
| 003 - CONTROL NUMBER IDENTIFIER | |
| rucl marc code | BD-RjUL |
| 005 - DATE AND TIME OF LATEST TRANSACTION | |
| control field | 20220608120507.0 |
| 008 - FIXED-LENGTH DATA ELEMENTS--GENERAL INFORMATION | |
| fixed length control field | 220608s19371356u ||||| |||| 00| 0 ara d |
| 035 ## - SYSTEM CONTROL NUMBER | |
| System control number | (BD-RjUL)79943 |
| 040 ## - CATALOGING SOURCE | |
| Original cataloging agency | BD-RjUL |
| Language of cataloging | eng |
| Transcribing agency | BD-RjUL |
| 041 ## - LANGUAGE CODE | |
| Language code of text/sound track or separate title | ara |
| 082 ## - DEWEY DECIMAL CLASSIFICATION NUMBER | |
| Edition number | 23 |
| Classification number | 340.59 |
| Author mark and year | SHI 1937 |
| 100 1# - MAIN ENTRY--PERSONAL NAME | |
| Personal name | شوكاني، محمد بن علي،,# Shawkani, Muhammad bin Ali, |
| Dates associated with a name | 1759-1839 |
| 9 (RLIN) | 3514 |
| 245 10 - TITLE STATEMENT | |
| Title | ارشاد الفحول الى تحقيق الحق من علم الاصول # Irshād al-fuḥūl ilá taḥqīq al-ḥaqq min ʻilm al-uṣūl / |
| Statement of responsibility, etc. | محمد بن علي بن محمد الشوكاني # Muhammad bin Ali bin Muhammad Al-Shawkani |
| 260 ## - PUBLICATION, DISTRIBUTION, ETC. (IMPRINT) | |
| Place of publication, distribution, etc. | Misr : |
| Name of publisher, distributor, etc. | Mustafa albani al halabi , |
| Date of publication, distribution, etc. | 1937 |
| 300 ## - PHYSICAL DESCRIPTION | |
| Pagination | 292 p. ; |
| Size | 28 cm |
| 650 ## - SUBJECT ADDED ENTRY--TOPICAL TERM | |
| Topical term or geographic name as entry element | Islamic law |
| Form subdivision | Interpretation and construction |
| Chronological subdivision | Early works to 1800. |
| 9 (RLIN) | 2200 |
| Topical term or geographic name as entry element | Islamic law |
| Form subdivision | Interpretation and construction. |
| 942 ## - ADDED ENTRY ELEMENTS (KOHA) | |
| Source of classification or shelving scheme | Dewey Decimal Classification |
| Koha item type | Books |
| Lost status | Source of classification or shelving scheme | Damaged status | Not for loan | Collection code | Permanent Location | Current Location | Shelving location | Date acquired | Source of acquisition | Cost, normal purchase price | Full call number | Date last seen | Copy number | Koha item type |
|---|---|---|---|---|---|---|---|---|---|---|---|---|---|---|
| Dewey Decimal Classification | Not For Loan | Non-fiction | Central Library, University of Rajshahi | Central Library, University of Rajshahi | Documentation Section | 02/05/1967 | Maqtaba i Ishaqia | 10.00 | A 340.59 SHI 1937 | 08/06/2022 | C-1 | Books |